000
00223nam a22001097a 4500
082
_a
494
_b
SOM/P
245
_a
PRABHU STHUTHY
260
_a
DELHI
_b
SOM SUDHA PRAKASHAN
300
_a
64
650
_a
STHUTHY
_z
DELHI
942
_c
BK
999
_c
4602
_d
4602